MDQL
is popping MORE tags! Check the
thread
!
Quizzes
Events
Quiz Creation
Community
Videos
Private Events
Remove Ads
Sign In
Join for FREE
Feedback
Dark Mode
Quiz Categories
Sports
Geography
Music
Movies
Television
Just For Fun
Miscellaneous
History
Literature
Language
Science
Gaming
Entertainment
Religion
Holiday
For Kids
Quiz Lab
Recent
Popular Today
Quiz Kudos Today
Editor Picks
Curator Picks
Quizzes by...
Day
Popularity
Type
Ratings
Length
Year
Community
Subscriptions
Recent Discussions
Orange Saloon
Badges
Playlists
Quests
Create
Leaderboards
Showdown
Live 5
Trivia Bingo
Activity
Puzzle Library
Sporcle Events
Private Events
Virtual Trivia
Globe League
Become a Host
Pub Owners
SporcleCon
Opinionation
Our Games
Videos
Blog
Mobile Apps
Partnerships
Remove Ads and Go Orange
Feedback
Sports
Athletes
MLB
NBA
NHL
NFL
Soccer
Sports Teams
WWE
NCAA
Football
Premier League
Basketball
Baseball
Hockey
Golf
Tennis
Cricket
Rugby
Auto Racing
Olympics
World Cup
Sports
Athletes
MLB
NBA
NHL
NFL
Soccer
Sports Teams
WWE
NCAA
Football
Premier League
Basketball
Baseball
Hockey
Golf
Tennis
Cricket
Rugby
Auto Racing
Olympics
World Cup
Random Quiz
Search Sporcle
×
Quiz Lab
Quiz Lab
Sports
Play
Type answers based on single images at one time
Type answers based on single images at one time
Slideshow
Best Score? Go Orange.
English Stadium Quiz Stats
Can you name the English teams that play at these respective stadiums?
By
tonylwilde99
15m
30 Questions
89 Plays
89 Plays
89 Plays
Comments
Comments
Give Quiz Kudos
Give Quiz Kudos
-
- Ratings
hide this ad
More Info
Replay
Link that replays current quiz
Next Quiz
Link to next quiz in quiz playlist
You Got
0%
They Got
Avg Score
53%
Avg Friend Score
Upgrade to see
Score Distribution
Jump to the score distribution portion of the page
Score
0/30
Timer
15:00
0
Plays Today
% Correct
Chelsea
82%
Manchester United
80.9%
Aston Villa
80.9%
Watford
79.8%
Newcastle
74.2%
West Ham
74.2%
Leeds
73%
Tottenham
71.9%
Norwich
70.8%
Sheffield United
68.5%
Liverpool
67.4%
Portsmouth
67.4%
Bradford
62.9%
Yeovil
60.7%
Wolverhampton Wanderers
58.4%
% Correct
Everton
50.6%
Sheffield Wednesday
49.4%
Arsenal
43.8%
Sunderland
42.7%
Preston
42.7%
Wycombe
42.7%
Fulham
41.6%
Swansea
34.8%
Manchester City
31.5%
Stoke
29.2%
Southampton
29.2%
Reading
27%
Leicester
25.8%
Oxford
23.6%
Derby
18%
Quiz Playlist
Details
Report
Send in Message
Add To Playlist
More Info:
There's no place like home! Can you name the English teams that play at these respective stadiums?
Slideshow:
Type answers based on single images at one time
Last Updated: Feb 16, 2017
Quiz Scoreboard
CHALLENGE
Sign Up to Join the Scoreboard
Show All
Scores
Hide
Comments
May contain spoilers
Recently Published
Two Season TV Shows II
by 123Four
Television
10m
Image Sorting: Flags VI
by Barbecue
Geography
2m
Find the 'City' Movie
by crazypaving
Movies
60s
More to Explore
Quiz From the Vault
Featured Blog Post
14 Easter Pick-up Lines to Find Eggs With
hide this ad
You Might Also Like...
Tags
Play Quiz
English
Respective
team
Today's Top Quizzes in Sports
Browse Sports
hide this ad
Today's Top Quizzes in Play
Browse Play
Top Contributed Quizzes in Sports
1
Les meilleurs buteurs des matchs entre le PSG et l’OM
2
Les entraîneurs de l'OM et du PSG au 21e siècle
3
2022 World Cup Stars
4
Les joueurs passés par le PSG et l'OM
5
Players with Multiple 50 Home Run Seasons
6
FIFA Club World Cup Champions
7
Criteria MLB: Left Handed Sluggers
8
Les joueurs passés par le LOSC et le RC Lens
9
Top 10 NHL Goal Scorers of All Time
10
MLB Players with Two .350 Batting Average Seasons
Explore More
Trending Topics
Kpop
Crossword
NBA
Marvel
Anime
Harry Potter
Disney
The Office
Song
Country
Pokémon
Puzzle
NFL
Soccer
WWE
hide this ad
More By:
tonylwilde99
Quiz
Plays
Rating
Category
Featured
Created
General Knowledge Quiz
106
3.00
Just For Fun
Jul 14, 2016
English Stadium Quiz
89
2.75
Sports
Jul 8, 2016
Go to Creator's Profile
Score Distribution
Quiz Creator Spotlight
tonylwilde99
Follow
Send a Message
Quizzes Created
-
Created Quiz Play Count
-
More By This Creator
Popular Quizzes Today
1
Find the US States - No Outlines Minefield
2
Colored Red Africa Blitz
3
Find the 'City' Movie
4
5x2 Blitz: Bands
5
The Countries of the World
6
Find the Countries of Europe - No Outlines Minefield
7
Find the US States
8
US States
More Sports Quizzes
Nations in at Least One of Each FIFA World Cup
Curator's Pick
Trending Quizzes
Colored Red Europe Blitz I
Colored Red Africa Blitz II
Colored Red Europe Blitz II
Colored Red Africa Blitz III
Colored Red Europe Blitz III
Recently Updated
How Do You Spell That?
pecheneg
Godzilla Movies
pecheneg
Grab Bag: 4-10 Letters
pecheneg
2024 March Madness Bracket
pecheneg
Famous TV Couples
Peacemaker
Champions League XIs: Real Madrid
pecheneg
Largest US Cities 1790-2010
pecheneg
Rides in Walt Disney World
pecheneg
Most Oscar Losses (Acting)
pecheneg
Beyoncé Albums
pecheneg
Trending Topics
Kpop
Harry Potter
NBA
Marvel
Crossword
Disney
Anime
NFL
Country
Pokémon
Song
The Office
Puzzle
WWE
Soccer
Your Account Isn't Verified!
In order to create a playlist on Sporcle, you need to verify the email address you used during registration. Go to your
Sporcle Settings
to finish the process.
Report this User
Report this user for behavior that violates our
Community Guidelines
.
Details:
Send Report
Go to the Sporcle.com Mobile Site →
Comments